00445 2200181 4500245003400000020002200034250001100056100001300067700001900080700001100099650002100110005001900131260005700150041001400207084001000221300002300231336000900254 aMonster KasurcSuyitmanhText a978-602-437-861-5 aCet. 1 aSuyitman aMuh. Ali Shofi aKaniah aCerita Bergambar a20240926113015 aJakartabKementerian Pendidikan dan Kebudayaanc2019 aIndonesia a741.5 a26 hlm. :c29,7 cm atext